000 00318nam a22001337a 4500
008 210226b ||||| |||| 00| 0 eng d
020 _a0838501028
041 _aeng
080 _a617
100 _a6
101 _aANE
245 _aAnesthetic Implications of Congenital Anomalies in Children
_cSTE
942 _2udc
_cBK
999 _c55281
_d55281